Modelování dlouhodobého rozvoje ekonomiky na národohospodářské úrovni záverečná správa SPEV 901 101 107
Na minha lista:
| Formato: | Livro |
|---|---|
| Idioma: | tcheco |
| Publicado em: |
Praha
Ústřední ústav národohospodářského výzkumu
1985
|
| Tags: |
Sem tags, seja o primeiro a adicionar uma tag!
|
MARC
| LEADER | 00000nam a2200000 4500 | ||
|---|---|---|---|
| 001 | c103335 | ||
| 005 | 20181203150244.9 | ||
| 041 | 0 | |a cze | |
| 044 | |a CZ | ||
| 245 | 1 | 0 | |a Modelování dlouhodobého rozvoje ekonomiky na národohospodářské úrovni |b záverečná správa SPEV 901 101 107 |
| 264 | 1 | |a Praha |b Ústřední ústav národohospodářského výzkumu |c 1985 | |
| 300 | |a Nestr. | ||